<?xml version="1.0" encoding="UTF-8"?><?xml-stylesheet type="text/xsl" href="static/style.xsl"?><OAI-PMH xmlns="http://www.openarchives.org/OAI/2.0/" xmlns:xsi="http://www.w3.org/2001/XMLSchema-instance" xsi:schemaLocation="http://www.openarchives.org/OAI/2.0/ http://www.openarchives.org/OAI/2.0/OAI-PMH.xsd"><responseDate>2026-04-17T03:28:16Z</responseDate><request verb="GetRecord" identifier="oai:www.recercat.cat:2445/226408" metadataPrefix="marc">https://recercat.cat/oai/request</request><GetRecord><record><header><identifier>oai:recercat.cat:2445/226408</identifier><datestamp>2026-04-08T16:22:28Z</datestamp><setSpec>com_2072_1057</setSpec><setSpec>col_2072_478823</setSpec><setSpec>col_2072_478917</setSpec></header><metadata><record xmlns="http://www.loc.gov/MARC21/slim" xmlns:dcterms="http://purl.org/dc/terms/" xmlns:xsi="http://www.w3.org/2001/XMLSchema-instance" xmlns:doc="http://www.lyncode.com/xoai" xsi:schemaLocation="http://www.loc.gov/MARC21/slim http://www.loc.gov/standards/marcxml/schema/MARC21slim.xsd">
   <leader>00925njm 22002777a 4500</leader>
   <datafield ind2=" " ind1=" " tag="042">
      <subfield code="a">dc</subfield>
   </datafield>
   <datafield ind2=" " ind1=" " tag="720">
      <subfield code="a">Fernández Varea, José María</subfield>
      <subfield code="e">author</subfield>
   </datafield>
   <datafield ind2=" " ind1=" " tag="720">
      <subfield code="a">Górka, Bartosz</subfield>
      <subfield code="e">author</subfield>
   </datafield>
   <datafield ind2=" " ind1=" " tag="720">
      <subfield code="a">Nilsson, Bo</subfield>
      <subfield code="e">author</subfield>
   </datafield>
   <datafield ind2=" " ind1=" " tag="260">
      <subfield code="c">2026-01-29T13:53:48Z</subfield>
   </datafield>
   <datafield ind2=" " ind1=" " tag="260">
      <subfield code="c">2026-01-29T13:53:48Z</subfield>
   </datafield>
   <datafield ind2=" " ind1=" " tag="260">
      <subfield code="c">2021-01-01</subfield>
   </datafield>
   <datafield ind2=" " ind1=" " tag="260">
      <subfield code="c">2026-01-29T13:53:48Z</subfield>
   </datafield>
   <datafield ind2=" " ind1=" " tag="520">
      <subfield code="a">&lt;p>We assess a new data set of mass electronic stopping powers of diamond for electrons and positrons.&lt;/p>&lt;p>To this end, an optical energy-loss function (OELF) for this material is generated from available&lt;/p>&lt;p>experimental dielectric properties of the valence band and photoabsorption mass attenuation&lt;/p>&lt;p>coefficients, supplemented with a Drude-type analytical expression to interpolate at intermediate&lt;/p>&lt;p>energies. From this synthetic OELF, a mean excitation energy equal to (88.5±2.0) eV is extracted and&lt;/p>&lt;p>the density-effect correction is evaluated using Fano’s simplified method. These quantities then allow&lt;/p>&lt;p>calculating the mass electronic stopping power of diamond for electrons and positrons by means of&lt;/p>&lt;p>the relativistic Bethe formula. The present results for 1 keV–1 GeV electrons in diamond are 0.9%–&lt;/p>&lt;p>3.3% smaller than those corresponding to graphite as tabulated in ICRU Report 90.&lt;/p></subfield>
   </datafield>
   <datafield tag="653" ind2=" " ind1=" ">
      <subfield code="a">Electrons</subfield>
   </datafield>
   <datafield tag="653" ind2=" " ind1=" ">
      <subfield code="a">Electrònica</subfield>
   </datafield>
   <datafield tag="653" ind2=" " ind1=" ">
      <subfield code="a">Interaccions electró-positró</subfield>
   </datafield>
   <datafield tag="653" ind2=" " ind1=" ">
      <subfield code="a">Electrones</subfield>
   </datafield>
   <datafield tag="653" ind2=" " ind1=" ">
      <subfield code="a">Electronics</subfield>
   </datafield>
   <datafield tag="653" ind2=" " ind1=" ">
      <subfield code="a">Electron-positron interactions</subfield>
   </datafield>
   <datafield ind2="0" ind1="0" tag="245">
      <subfield code="a">Electronic stopping power of diamond for electrons and positrons</subfield>
   </datafield>
</record></metadata></record></GetRecord></OAI-PMH>